Audio controlled electrical automation system (Record no. 13019)

000 -LEADER
fixed length control field 00467nam a22001457a 4500
082 ## - DEWEY DECIMAL CLASSIFICATION NUMBER
Classification number BEE-2 SUL
100 ## - MAIN ENTRY--PERSONAL NAME
Personal name Sultan Abdul Rafhe
9 (RLIN) 93538
245 ## - TITLE STATEMENT
Title Audio controlled electrical automation system
260 ## - PUBLICATION, DISTRIBUTION, ETC.
Place of publication, distribution, etc. Islamabad
Name of publisher, distributor, etc. NUST-SEECS
Date of publication, distribution, etc. 2014
300 ## - PHYSICAL DESCRIPTION
Extent 53
Other physical details 25cm
Accompanying material CD ROM
500 ## - GENERAL NOTE
General note Supervisors:Dr. Usman Younas, Dr. Ahmad Salman
700 ## - ADDED ENTRY--PERSONAL NAME
Personal name Asad Nadeem, Majid Mushtaq
9 (RLIN) 93539
856 ## - ELECTRONIC LOCATION AND ACCESS
Uniform Resource Identifier <a href="http://10.250.8.41:8080/xmlui/handle/123456789/9256">http://10.250.8.41:8080/xmlui/handle/123456789/9256</a>
942 ## - ADDED ENTRY ELEMENTS (KOHA)
Koha item type Project Report
Source of classification or shelving scheme
Holdings
Withdrawn status Lost status Source of classification or shelving scheme Damaged status Not for loan Permanent Location Current Location Shelving location Date acquired Full call number Barcode Date last seen Price effective from Koha item type
WITHDRAWN         Central Library (CL) Central Library (CL) General Stacks 08/26/2014 BEE-2 SUL SEECSP01573 10/26/2014 10/26/2014 Project Report
© 2023 Central Library, National University of Sciences and Technology. All Rights Reserved.